50 Tolkien/Arda Questions - Statistics

General Stats
  • This quiz has been taken 142 times
  • The average score is 32 of 50
Answer Stats
Question Answer % Correct
The Black Foe of the World, a corrupted Vala and lord of extremes. Morgoth Bauglir
98%
The capital of Rohan, the city of the Golden Hall. Edoras
96%
The creator of Arda, the world in Tolkien's legendarium. Eru Ilúvatar
96%
The creator of the Silmarils, powerful jewels that captured the light of the Trees. Fëanor
96%
The dwarvish name for Moria. Khazad-dum
96%
The elvish name for Gandalf. Mithrandir
96%
The lost realm of the Dúnedain in Eriador, defeated by Angmar. Arnor
92%
____ for Mortal Men doomed to die, Nine
90%
___ for the dark lord on his dark throne, One
90%
_____ for the Dwarf-lords in their halls of stone, Seven
90%
_____ rings for the Elven-kings under the sky, Three
90%
First King of the Noldorin Elves. Finwë
88%
The Elder King of Arda, lord of the Valar. Manwë Súlimo
88%
The name of Mirkwood before it was infested by Sauron. Greenwood the Great
85%
In the land of Mordor where the _______ lie. shadows
85%
One Ring to ____ them all, rule
81%
In the land of Mordor where the _______ lie. shadows
81%
The Vala who Sauron served before his corruption. Aulë
79%
The kingdom of the Hidden Rock, realm of Turgon. Gondolin
79%
Was NOT a king of the Mark. Théodred
79%
The name of the Golden Hall of the Eorlingas. Meduseld
77%
The silver Tree of Light in Valinor. Telperion
75%
Elven-king of the halls of Mirkwood, which some say recalls the majesty of Menegroth of old. Father of Legolas Greenleaf. Thranduil
75%
In the darkness ____ them, bind
73%
The Red Maw, fed with Morgoth's own hand to fulfill the prophecy of the death of the Hound of Valinor. Carcharoth
69%
NOT a name for Sauron. Curumo
69%
One ring to ____ them, find
69%
The golden Tree of Light in Valinor. Laurelin
69%
The song written about Lúthien and Beren. Lay of Leithian
69%
NOT a name for dwarves. Vertically Challenged
69%
One ring to ____ then all, and bring
67%
The haven of the Black Númenóreans, rebels against Gondor. Umbar
67%
Felagund's elvish name. Finrod
56%
The mountain under which Angband rests, the second fortress of Morgoth. Thangorodrim
56%
The last King of Númenor, who assailed Valinor in an attempt to gain immortality. Ar-Pharazôn
52%
The person or people in in charge of Dol Guldur after the Necromancer fled south. Khamûl the Easterling
50%
The Noldorin Elf who by himself dueled Morgoth himself, wounding him several times. Fingolfin
48%
NOT one of the three captains of the Faithful who sailed away from Númenor ere its destruction. Amandil
42%
The great fortress of the Hornburg, of which is said that no enemy has breached to this day. Helm's Deep
40%
The Lonely Isle, used to transport the Three Kindreds of Elves to Valinor. Tol Eressëa
40%
The Shepherds of the Trees, servants of Yavanna to protect the forests of Arda. Ents
38%
The race or kind that Sauron was originally. Maia
38%
The capital of Gondor, the Citadel of Stars. Osgiliath
33%
The Elvish script developed and modified by Fëanor. Tengwar
31%
The first of the Eagles of Manwë, who scarred Morgoth in his duel with the King of the Noldor. Thorondor
27%
The greatest of the dragons sent to defend Angband from the Host of the Valar. Ancalagon
21%
Morgoth's first fortress, destroyed by the Valar. Utumno
17%
The army of Easterlings that attacked Gondor and Rhovanion in the Third Age. Wainriders
15%
The Icebay in which Arvedui, the last king before the Ruling Stewards, drowned. Forochel
10%
The name for Saruman as a maia in Valinor. Curumo
6%
No matching quizzes found
Score Distribution
Percent of People with Each Score
Percentile by Number Answered
Your Score History
You have not taken this quiz